zpět

Detail výsledku týmu

Mama Shelter - Holešovice, Praha

Datum a čas kvízu

36 Celkem bodů Celkový počet nahraných bodů na tomto kvízu bez doplňovacích otázek.
5. Pořadí na kvízu Konečné umístění týmu na tomto kvízu.

Zaznamenané odpovědi

# Otázka Odpověď Body Výsledky
1. Česká vláda ve středu schválil... C) energetické nápoje 1
2. Americká firma Mattel se dopus... adresa pornografických stránek 1
3. V rámci festivalu Prague Sound... Richard Müller, David Koller 0
4. Když prezident jednoho evropsk... na Slovensku 1
5. Která 40letá úspěšná lyžařka o... Lindsey Vonn 1
6. Většina z nás se v dětství uči... salmiak 0
7. Který z těchto smyslů je u člo... sluch (z ucha) 1
8. Kytovci a netopýři dokáží vysí... echolokace 1
9. Těsné propojení čichu a chuti... A 1
10. Buňky v sítnici lidského oka c... čípky 1